Untersuchungen Zum Deutschen Vertriebenen- und Flüchtlingsproblem : Zweite Abteilung: Einzeldarstellungen. I: Seraphim, Peter-Heinz: Die Heimatvertriebenen in der Sowjetzone.

Bibliographic Details
Main Author: Pfister, Bernhard.
Format: eBook
Language:German
Published: Berlin : Duncker & Humblot, 1953.
Edition:1st ed.
Series:Schriften des Vereins Für Socialpolitik Series
Subjects:
Online Access:Click to View
LEADER 04135nam a22003973i 4500
001 EBC7100860
003 MiAaPQ
005 20240729202203.0
006 m o d |
007 cr cnu||||||||
008 240729s1953 xx o ||||0 ger d
020 |a 9783428414048  |q (electronic bk.) 
020 |z 9783428014040 
035 |a (MiAaPQ)EBC7100860 
035 |a (Au-PeEL)EBL7100860 
035 |a (OCoLC)1347024500 
040 |a MiAaPQ  |b eng  |e rda  |e pn  |c MiAaPQ  |d MiAaPQ 
100 1 |a Pfister, Bernhard. 
245 1 0 |a Untersuchungen Zum Deutschen Vertriebenen- und Flüchtlingsproblem :  |b Zweite Abteilung: Einzeldarstellungen. I: Seraphim, Peter-Heinz: Die Heimatvertriebenen in der Sowjetzone. 
250 |a 1st ed. 
264 1 |a Berlin :  |b Duncker & Humblot,  |c 1953. 
264 4 |c {copy}1954. 
300 |a 1 online resource (229 pages) 
336 |a text  |b txt  |2 rdacontent 
337 |a computer  |b c  |2 rdamedia 
338 |a online resource  |b cr  |2 rdacarrier 
490 1 |a Schriften des Vereins Für Socialpolitik Series 
505 0 |a Intro -- Vorwort -- Inhalt -- Verzeichnis des statistischen Anhangs -- Verzeichnis der Kartenbeigaben -- Einleitung -- I. Die Entwicklung des Vertriebenenproblems in der Sowjetzone -- 1. Die besonderen Voraussetzungen des Vertriebenenproblems -- 2. Das Einströmen der Heimatvertriebenen in die Sowjetzone -- 3. Die Flüchtlingspolitik des Sowjetzonenregimes -- II. Zahl, Verteilung und Gliederung der Heimatvertriebenen in der Sowjetzone -- 1. Wert der sowjetzonalen Statistik -- 2. Die Verteilung der Heimatvertriebenen in der SbZD, ihre Herkunft und ihr Religionsbekenntnis -- 3. Die Heimatvertriebenen nach Familienstand, Geschlecht, Alter und Beruf -- 4. Die Veränderung der Zahl der Heimatvertriebenen in der SbZD 1946-1951 -- III. Die Heimatvertriebenen in der Landwirtschaft der Sowjetzone -- 1. Heimatvertriebene und „Bodenreform" -- 2. Lage der heimatvertriebenen Neusiedler -- a) Siedlungsgröße und Bodengüte -- b) Inventar- und Kreditlage -- c) Siedlungszeitpunkt -- d) Berufliche Eignung der Siedler -- e) Persönliche Verhältnisse der Siedler -- f) Die Siedlerflucht -- g) Zusammenfassung -- 3. Die Heimatvertriebenen als Landarbeiter -- IV. Die Heimatvertriebenen in der gewerblichen Wirtschaft, in der Verwaltung und in den freien Berufen -- 1. Die Heimatvertriebenen in der Industriearbeiterschaft -- 2. Die Heimatvertriebenen in Handwerk, Gewerbe und Handel -- 3. Die Vertriebenen im Genossenschaftswesen -- 4. Die Heimatvertriebenen als Angestellte und in den freien Berufen -- 5. Die Heimatvertriebenen als Fürsorgeempfänger -- V. Löhne, Einkommen und Lebensstandard der Heimatvertriebenen in der Sowjetzone -- 1. Die Arbeiterschaft -- 2. Das Landvolk -- 3. Die Angestellten -- 4. Häusliche Dienste, Fürsorgeempfänger -- 5. Arbeitslosigkeit unter den Heimatvertriebenen -- VI. Wohnprobleme der Heimatvertriebenen in der Sowjetzone. 
505 8 |a 1. Die Wohnungsnot der Heimatvertriebenen in den Städten -- 2. Das Wohnungsproblem der heimatvertriebenen Landwirte -- 3. Die Mietpreise -- 4. Wohnungsausstattung -- VII. Die geistige Lage der Heimatvertriebenen in der Sowjetzone -- 1. Der Zusammenhalt der Heimatvertriebenen -- 2. Das Verhältnis von Heimatvertriebenen und Eingesessenen -- 3. Politisch-weltanschauliche Haltung der Heimatvertriebenen -- VIII. Die Lösung des Vertriebenenproblems in der Sowjetzone -- Statistischer Anhang -- Quellenhinweise -- Kartenteil. 
588 |a Description based on publisher supplied metadata and other sources. 
590 |a Electronic reproduction. Ann Arbor, Michigan : ProQuest Ebook Central, 2024. Available via World Wide Web. Access may be limited to ProQuest Ebook Central affiliated libraries.  
655 4 |a Electronic books. 
776 0 8 |i Print version:  |a Pfister, Bernhard  |t Untersuchungen Zum Deutschen Vertriebenen- und Flüchtlingsproblem  |d Berlin : Duncker & Humblot,c1953  |z 9783428014040 
797 2 |a ProQuest (Firm) 
830 0 |a Schriften des Vereins Für Socialpolitik Series 
856 4 0 |u https://ebookcentral.proquest.com/lib/matrademy/detail.action?docID=7100860  |z Click to View